<?xml version="1.0" encoding="UTF-8" ?>
<OAI-PMH xmlns="http://www.openarchives.org/OAI/2.0/" xmlns:xsi="http://www.w3.org/2001/XMLSchema-instance" xsi:schemaLocation="http://www.openarchives.org/OAI/2.0/ http://www.openarchives.org/OAI/2.0/OAI-PMH.xsd">
<responseDate>2026-05-14T01:35:56Z</responseDate>
<request identifier="SKVPK0031899" metadataPrefix="marc21" verb="GetRecord">http://sc.vpk.cz/cgi-bin/oai2</request>
<GetRecord>
<record>
<header>
<identifier>SKVPK0031899</identifier>
<datestamp>2026-04-24T09:09:38Z</datestamp>
</header>
<metadata>
<marc:record xmlns:marc="http://www.loc.gov/MARC21/slim" xmlns:xsi="http://www.w3.org/2001/XMLSchema-instance" xsi:schemaLocation="http://www.loc.gov/MARC21/slim http://www.loc.gov/standards/marcxml/schema/MARC21slim.xsd" type="Bibliographic">
<marc:leader>00534nas  2200193zu 4500</marc:leader>
<marc:controlfield tag="001">SKVPK0031899</marc:controlfield>
<marc:controlfield tag="003">CZ-VPK</marc:controlfield>
<marc:controlfield tag="005">20260424090938.0</marc:controlfield>
<marc:controlfield tag="008">260424d19471967||||| | |||  ||   |||||||</marc:controlfield>
<marc:datafield tag="022" ind1=" " ind2=" ">
<marc:subfield code="a">0096-6207</marc:subfield>
</marc:datafield>
<marc:datafield tag="040" ind1=" " ind2=" ">
<marc:subfield code="a">ABA013</marc:subfield>
<marc:subfield code="b">cze</marc:subfield>
</marc:datafield>
<marc:datafield tag="222" ind1=" " ind2="0">
<marc:subfield code="a">Nucleonics</marc:subfield>
</marc:datafield>
<marc:datafield tag="245" ind1="0" ind2="0">
<marc:subfield code="a">Nucleonics</marc:subfield>
</marc:datafield>
<marc:datafield tag="260" ind1=" " ind2=" ">
<marc:subfield code="a">Spojené státy americké - kalifornie :</marc:subfield>
<marc:subfield code="b">New York : McGraw-Hill,</marc:subfield>
<marc:subfield code="c">1947-1967</marc:subfield>
</marc:datafield>
<marc:datafield tag="650" ind1="0" ind2="7">
<marc:subfield code="a">fyzika</marc:subfield>
<marc:subfield code="x">fy</marc:subfield>
<marc:subfield code="2">psh</marc:subfield>
</marc:datafield>
<marc:datafield tag="780" ind1="0" ind2="0">
<marc:subfield code="t">Nucleonics week</marc:subfield>
<marc:subfield code="x">0048-105X</marc:subfield>
</marc:datafield>
<marc:datafield tag="780" ind1="0" ind2="0">
<marc:subfield code="t">Atomic engineering</marc:subfield>
</marc:datafield>
<marc:datafield tag="780" ind1="0" ind2="0">
<marc:subfield code="t">Atomic power</marc:subfield>
</marc:datafield>
<marc:datafield tag="910" ind1=" " ind2=" ">
<marc:subfield code="a">ABA013</marc:subfield>
<marc:subfield code="r">1948-1952, 1954-1965</marc:subfield>
</marc:datafield>
</marc:record>
</metadata>
</record>
</GetRecord>
</OAI-PMH>
